000 00286nam a22001217a 4500
008 170815b xxu||||| |||| 00| 0 eng d
041 _aeng
080 _28 ED
_a51
100 _a36
101 _aMAT
245 _aMATHEMATICS FOR ELEMENTARY TEACHER
_cBENNETT.A.B
942 _2udc
_cBK
999 _c23501
_d23501